000 00270nam a22000977a 4500
008 250708b |||||||| |||| 00| 0 eng d
020 _a9789381438725
100 _aHill Napoleon
_97560
245 _aThink and Grow Rich
260 _aNew Delhi
_bLittle Scholar Pvt Limited
_c2022
999 _c12765
_d12765